Guess the Taylor Swift Song (Speak Now TV) 11 - Statistics

General Stats
  • This quiz has been taken 11 times
  • The average score is 266 of 378
Answer Stats
Answer % Correct
I
100%
a
88%
can"
88%
girl
88%
in
88%
me
88%
see
88%
the
88%
The
88%
this
88%
you
88%
You
88%
all
75%
All
75%
as
75%
be
75%
Cause
75%
could
75%
cried
75%
day
75%
days
75%
Don't
75%
don't
75%
fast
75%
game
75%
go
75%
gone
75%
home
75%
how
75%
I'll
75%
I'm
75%
is
75%
it
75%
it's
75%
know
75%
known
75%
Long
75%
long
75%
look
75%
love
75%
loved
75%
Never
75%
now
75%
now,
75%
of
75%
"Run
75%
run
75%
said
75%
should've
75%
so?
75%
So
75%
song
75%
that
75%
then
75%
to
75%
To
75%
too
75%
took
75%
up
75%
was
75%
when
75%
Who
75%
with?
75%
young
75%
young?
75%
your
75%
you're
75%
an
63%
And
63%
and
63%
are
63%
at
63%
away
63%
back
63%
before
63%
But
63%
by
63%
changed
63%
Dear
63%
dress,
63%
dress
63%
every
63%
eyes
63%
games
63%
get
63%
girls
63%
give
63%
have
63%
John,
63%
keeping
63%
let
63%
like
63%
list
63%
maybe
63%
messed
63%
might
63%
My
63%
my
63%
name
63%
nights
63%
Oh,
63%
oh
63%
on
63%
Or
63%
out
63%
over
63%
played
63%
sick
63%
take
63%
them
63%
they
63%
think
63%
twisted
63%
way
63%
were
63%
whole
63%
why
63%
wrote
63%
you'll
63%
you've
63%
acing
50%
add
50%
again
50%
around
50%
blame
50%
blind
50%
blurry
50%
burned
50%
catch
50%
chess
50%
dark,
50%
empty
50%
expert
50%
fall
50%
fine
50%
fire
50%
fireworks
50%
ignored
50%
impressed
50%
lines
50%
lived
50%
matches
50%
mind
50%
need
50%
once
50%
optimism
50%
phone
50%
picking
50%
regret
50%
revolved
50%
rules
50%
sad
50%
shining
50%
sorry
50%
stopped
50%
tests
50%
through
50%
tired
50%
tonight
50%
town
50%
traitors
50%
understand
50%
version
50%
which
50%
Wondering
50%
won't
50%
wrong
50%
accused
38%
blue
38%
Counting
38%
dry
38%
floor
38%
footsteps
38%
lifeless
38%
losing
38%
mother
38%
nineteen's
38%
paint
38%
Praying
38%
rain
38%
sky
38%
swore
38%
turn
38%
Well,
38%
No matching quizzes found
Score Distribution
Percent of People with Each Score
Percentile by Number Answered
Your Score History
You have not taken this quiz